000 00416nam a2200181Ia 4500
008 090124s9999 xx 000 0 und d
082 _b27169
100 _aRIEUPEYROUT JEAN
245 _aTHE WILD WEST
250 _a0
260 _bDRAGON BOOKS
_c1984
300 _a160
600 _aRIEUPEYROUT JEAN
630 _aTHE WILD WEST
700 _aRIEUPEYROUT JEAN
730 _aTHE WILD WEST
942 _cBOOK
999 _c96789
_d96789